Hunger Games: Competitor or Not? Quiz Stats

Quiz Updated Nov 18, 2015

Challenge
Share
Tweet
Embed
Score 0/28 Timer 03:00
1 Play Today
% Correct
Katniss
91.2%
Peeta
89.5%
Rue
87.2%
Finnick
87%
Cato
84.9%
Johanna
84.7%
Haymitch
84.6%
Foxface
84.6%
Thresh
84.2%
Glimmer
82.6%
Beetee
81.2%
Mags
80.4%
Clove
80.3%
Wiress
77.2%
% Correct
Brutus
73.4%
Annie
72.7%
Marvel
72%
Gloss
71.6%
Cashmere
69.7%
Enobaria
68.1%
Chaff
62.7%
Seeder
56.7%
Blight
55.5%
Titus
52.7%
Woof
49.9%
Cecelia
45.2%
Maysilee
43%
Lyme
35.3%

You're not logged in!

Compare scores with friends on all Sporcle quizzes.
Join for Free
OR
Log In

You Might Also Like...

Show Comments

Extras

Top Quizzes Today


Score Distribution

Your Account Isn't Verified!

In order to create a playlist on Sporcle, you need to verify the email address you used during registration. Go to your Sporcle Settings to finish the process.

Report this User

Report this user for behavior that violates our Community Guidelines.

Details: